| Tag |
First Indicator |
Second Indicator |
Subfields |
| LEADER |
00000ugm a2200000 a 4500 |
| 001 |
in00004112421 |
| 005 |
20260128181303.5 |
| 006 |
m o d |
| 007 |
cr cn |
| 008 |
030918s2018 xx v eng |
| 020 |
|
|
|z 9781789347951
|
| 035 |
|
|
|a (CaSebORM)9781789347951
|
| 040 |
|
|
|d UtOrBLW
|
| 041 |
0 |
|
|a eng
|
| 100 |
1 |
|
|a Loukas, Dimitris,
|e author.
|
| 245 |
1 |
0 |
|a Design Patterns in TypeScript /
|c Loukas, Dimitris.
|
| 250 |
|
|
|a 1st edition.
|
| 264 |
|
1 |
|b Packt Publishing,
|c 2018.
|
| 300 |
|
|
|a 1 online resource (1 video file, approximately 4 hr., 48 min.)
|
| 336 |
|
|
|a two-dimensional moving image
|b tdi
|2 rdacontent
|
| 337 |
|
|
|a computer
|b c
|2 rdamedia
|
| 338 |
|
|
|a online resource
|b cr
|2 rdacarrier
|
| 347 |
|
|
|a video file
|
| 520 |
|
|
|a Write cleaner code and enhance your development skills with TypeScript design patterns About This Video Combine your existing TypeScript knowledge with design patterns for an exceptional result Learn about creational, structural, and behavioral design patterns Start using an IoC container in your TypeScript apps to increase extensibility, testability, and maintainability In Detail In programming, there are several problems that occur frequently. To solve these problems, there are various repeatable solutions; these are known as design patterns. Design patterns are a great way to improve the efficiency of your programs and improve your productivity; you'll learn them all in this course. This course is a collection of the most important patterns you need to improve application performance and productivity. This course starts by exploring SOLID principles to write clean code. Then you will create new objects and instance of classes with creational design Patterns. Next, you will utilize dependency injection with InversifyJS to create testable, maintainable, and extensible code. Moving on, you will explore structural design patterns to better express the relationships between different application entities. Lastly, you will investigate behavioral patterns to add flow to your applications and add levels of communication between your entities. The code bundle for this video course is available at: https://github.com/PacktPublishing/Design-Patterns-in-TypeScript
|
| 533 |
|
|
|a Electronic reproduction.
|b Boston, MA :
|c Safari,
|n Available via World Wide Web.
|d 2018.
|
| 538 |
|
|
|a Mode of access: World Wide Web.
|
| 542 |
|
|
|f Copyright © Packt Publishing
|g 2018
|
| 588 |
|
|
|a Online resource; Title from title screen (viewed August 31, 2018)
|
| 500 |
|
|
|a Videorecording.
|
| 655 |
|
7 |
|a Electronic videos.
|2 local
|
| 710 |
2 |
|
|a Safari, an O'Reilly Media Company.
|
| 856 |
4 |
0 |
|u https://proxy.library.tamu.edu/login?url=https://go.oreilly.com/TAMU/library/view/-/9781789347951/?ar
|z Connect to this electronic resource
|t 0
|
| 999 |
f |
f |
|s 71c32019-6d1d-3320-80f9-866540092a04
|i 9cc47d0f-6903-3e0b-9008-357bcea8c401
|t 0
|
| 952 |
f |
f |
|a Texas A&M University
|b College Station
|c Electronic Resources
|s www_evans
|d Available Online
|t 0
|h No information provided
|
| 998 |
f |
f |
|t 0
|l Available Online
|